MARC details
| 000 -LEADER |
| fixed length control field |
01024nam a2200229Ia 4500 |
| 003 - CONTROL NUMBER IDENTIFIER |
| control field |
IN-BaIIA |
| 008 - FIXED-LENGTH DATA ELEMENTS--GENERAL INFORMATION |
| fixed length control field |
211028s9999 xx 000 0 eng d |
| 020 ## - INTERNATIONAL STANDARD BOOK NUMBER |
| International Standard Book Number |
0-937707-40-6 |
| 040 ## - CATALOGING SOURCE |
| Transcribing agency |
IIA Library |
| 080 ## - UNIVERSAL DECIMAL CLASSIFICATION NUMBER |
| Universal Decimal Classification number |
082.2:52 |
| Item number |
ASP-21 |
| 111 ## - MAIN ENTRY--MEETING NAME |
| Meeting name or jurisdiction name as entry element |
Workshop on The Space Distribution of Quasars |
| Location of meeting |
Canada |
| Date of meeting or treaty signing |
1991 June 3-5 |
| 9 (RLIN) |
17688 |
| 245 #4 - TITLE STATEMENT |
| Title |
The space distribution of quasars |
| Remainder of title |
proceedings of a workshop held as part of the 75th anniversary celebrations of the National Research Council of Canada, at the Dominion Astrophysical Observatory, Victoria, Canada, June 3rd to 5th, 1991 |
| Statement of responsibility, etc. |
edited by David Crampton |
| 260 ## - PUBLICATION, DISTRIBUTION, ETC. |
| Place of publication, distribution, etc. |
San Francisco |
| Name of publisher, distributor, etc. |
Astronomical Society of the Pacific |
| Date of publication, distribution, etc. |
1991 |
| 300 ## - PHYSICAL DESCRIPTION |
| Extent |
xv, 401p. |
| 490 ## - SERIES STATEMENT |
| Series statement |
ASP conference series; v. 21 |
| 650 ## - SUBJECT ADDED ENTRY--TOPICAL TERM |
| Topical term or geographic name entry element |
Active galactic nuclei |
| 9 (RLIN) |
6209 |
| 650 ## - SUBJECT ADDED ENTRY--TOPICAL TERM |
| Topical term or geographic name entry element |
Astronomy and Astrophysics Thesaurus |
| 650 ## - SUBJECT ADDED ENTRY--TOPICAL TERM |
| Topical term or geographic name entry element |
Quasars |
| 9 (RLIN) |
1096 |
| 700 ## - ADDED ENTRY--PERSONAL NAME |
| Personal name |
Crampton, David., ed. |
| 9 (RLIN) |
17689 |
| 710 ## - ADDED ENTRY--CORPORATE NAME |
| Corporate name or jurisdiction name as entry element |
National Research Council of Canada |
| 9 (RLIN) |
17690 |
| 942 ## - ADDED ENTRY ELEMENTS (KOHA) |
| Koha item type |
Books |